| 000 | 00730nam a22002297a 4500 | ||
|---|---|---|---|
| 005 | 20170124110027.0 | ||
| 010 | _aA-678903 | ||
| 020 |
_c00.00 _a8121505486 |
||
| 035 | _aA-678903 | ||
| 037 | _bCen Lib/Ret | ||
| 040 |
_aDPL _bEN |
||
| 082 |
_a553.41 _bNAN |
||
| 100 |
_aNanda, Rajni _920877 |
||
| 245 |
_aThe early history of gold in India / _cby Rajni Nanda |
||
| 260 |
_aNew Delhi _bMunshiram Manoharlal Publishers _c1992 |
||
| 270 |
_bNew Delhi _aPost Box 5715, 54 Rani Jhansi Road _e110055 |
||
| 300 |
_avi,254p.: _c23cm(Hb) _bill. |
||
| 500 | _aIncludes bibliographical references and index | ||
| 650 |
_aGold -- India -- History _920878 |
||
| 650 |
_aGold _920879 |
||
| 942 |
_2ddc _cEN _h553.41 _mNAN |
||
| 999 |
_c127571 _d127571 |
||